Costing
| Main Author: | Lucey, T |
|---|---|
| Published: |
London:
Continuum,
1996.
|
| Subjects: |
| LEADER | 00435cam a2200157 7i4500 | ||
|---|---|---|---|
| 001 | 0000006531 | ||
| 005 | 20170218090000.0 | ||
| 020 | |a 0826453767 | ||
| 090 | 0 | 0 | |a HF5686.C6 |b L83 1996 |
| 100 | 1 | |a Lucey, T | |
| 245 | 1 | 0 | |a Costing |c T. Lucey. |
| 260 | |a London: |b Continuum, |c 1996. | ||
| 300 | |a vi, 618 p.; |c 28 cm. | ||
| 650 | 0 | 0 | |a Cost accounting |
| 997 | |a Business & Accountancy, Faculty | ||
| 999 | |a 0000001850 |b BOK |c OPEN SHELF |e 1st Floor, Shah Alam | ||


